[Event "9th WCh U20 Girls"]
[Site "Mamaia ROM"]
[Date "1991.??.??"]
[Round "?"]
[White "Koen, Maia"]
[Black "Peptan, Corina-Isabela"]
[Result "1-0"]
[WhiteElo "2215"]
[BlackElo "2050"]
[EventDate "1991.08.??"]
[PlyCount "149"]

1.e4 e6 2.d3 d5 3.Nd2 c5 4.Ngf3 Nc6 5.g3 Nf6 6.Bg2 Be7 7.O-O O-O 8.e5 Nd7 
9.Re1 Qc7 10.Qe2 b6 11.Nf1 Bb7 12.h4 Rfe8 13.Bf4 b5 14.N1h2 Qd8 15.c3 f5 
16.exf6 Bxf6 17.Ng5 Nf8 18.Qh5 g6 19.Qf3 Bg7 20.Ng4 Qd7 21.Ne5 Nxe5 22.
Bxe5 Bxe5 23.Rxe5 h6 24.Nh3 Qf7 25.Rae1 Nd7 26.R5e2 Re7 27.Qf4 Kg7 28.Qd6 
e5 29.Nf4 e4 30.dxe4 dxe4 31.h5 g5 32.Ng6 Re6 33.Qc7 Nf6 34.Qxc5 Nxh5 35.
Ne5 Qe7 36.Qxe7+ Rxe7 37.Bxe4 Bxe4 38.Rxe4 Rae8 39.R4e3 Nf6 40.Nc6 Rxe3 
41.Rxe3 Rxe3 42.fxe3 a6 43.Kg2 Kf7 44.Kf3 Nd7 45.Ke4 Ke6 46.Nd4+ Kf6 47.b3
h5 48.Nf3 Nb6 49.Ng1 Ke6 50.Nh3 Kf6 51.Kd4 Kf5 52.Nf2 Nd7 53.c4 bxc4 54.
bxc4 Ne5 55.Kd5 h4 56.gxh4 gxh4 57.c5 Nd7 58.Kd6 Ne5 59.c6 Nf7+ 60.Kc5 Ke6
61.Kb6 Nd6 62.Kc7 a5 63.a4 Kd5 64.e4+ Ke6 65.Kb8 Ke5 66.c7 Kf4 67.Nh3+ 
Kxe4 68.Ng5+ Kf4 69.Nf7 h3 70.Nxd6 h2 71.c8=Q h1=Q 72.Qf5+ Ke3 73.Qxa5 Qc6
74.Qe5+ Kf3 75.Qe4+ 1-0

[Event "9th WCh U20 Girls"]
[Site "Mamaia ROM"]
[Date "1991.??.??"]
[Round "?"]
[White "Csoke, Adrienn"]
[Black "Orita, Ana-Maria"]
[Result "1-0"]
[WhiteElo "2235"]
[BlackElo "2025"]
[EventDate "1991.08.??"]
[PlyCount "55"]

1.e4 c5 2.b3 Nc6 3.Bb2 d6 4.Bb5 Bd7 5.Ne2 Nf6 6.d3 Qa5+ 7.Nbc3 e5 8.O-O 
Nd4 9.Bxd7+ Nxd7 10.Nd5 g5 11.Ng3 Ne6 12.Nh5 Qd8 13.Qg4 Ng7 14.f4 Nxh5 15.
Qxh5 gxf4 16.Rxf4 exf4 17.Bxh8 Be7 18.Qxh7 Ne5 19.Bxe5 dxe5 20.Rf1 Kd7 21.
Qxf7 Qf8 22.Qh7 Re8 23.Rf3 Qh8 24.Qf5+ Kd6 25.Rh3 Qf8 26.Qg6+ Kd7 27.Rh7 
f3 28.Rf7 1-0

[Event "9th WCh U20 Girls"]
[Site "Mamaia ROM"]
[Date "1991.??.??"]
[Round "?"]
[White "Paasikangas, Johanna"]
[Black "Hernandez Bonilla, Amelia"]
[Result "0-1"]
[WhiteElo "2205"]
[BlackElo "2055"]
[EventDate "1991.08.??"]
[PlyCount "82"]

1.d4 Nf6 2.c4 e6 3.Nf3 Bb4+ 4.Nbd2 d6 5.e4 Nxe4 6.Qa4+ Nc6 7.d5 Nc5 8.Qc2 
Ne7 9.dxe6 Nxe6 10.a3 Ba5 11.b4 Bb6 12.Bd3 Nf4 13.Bb2 Nxg2+ 14.Kd1 Bxf2 
15.Nf1 Ne3+ 16.Nxe3 Bxe3 17.Bxg7 Rg8 18.Bf6 Bg4 19.Qe2 Bg5 20.Bxg5 Rxg5 
21.Kd2 Qd7 22.Qe3 Bxf3 23.Qxg5 Bxh1 24.Re1 Kd8 25.Bf5 Qe8 26.Rxh1 h6 27.
Qf6 Qg8 28.Re1 Qg5+ 29.Qxg5 hxg5 30.Be4 f5 31.Bxb7 Rb8 32.Bf3 Kd7 33.Rg1 
Rg8 34.Be2 Ke6 35.Ke3 Kf6 36.b5 Rh8 37.Rg2 Rh3+ 38.Kd4 Rxa3 39.Rf2 a6 40.
Bd3 axb5 41.cxb5 c6 0-1

[Event "9th WCh U20 Girls"]
[Site "Mamaia ROM"]
[Date "1991.??.??"]
[Round "?"]
[White "Regan, Natasha"]
[Black "Gjergji, Rozana"]
[Result "0-1"]
[WhiteElo "2195"]
[BlackElo "2065"]
[EventDate "1991.08.??"]
[PlyCount "60"]

1.e4 e5 2.f4 exf4 3.Bc4 Qh4+ 4.Kf1 d6 5.Nf3 Qf6 6.Nc3 Ne7 7.d4 Be6 8.d5 
Bg4 9.Nb5 Na6 10.Bd2 Ng6 11.Bc3 Ne5 12.Be2 Be7 13.Nbd4 Nc5 14.Bb5+ Bd7 15.
Qe1 O-O-O 16.b4 Na4 17.Bxa4 Bxa4 18.b5 Qh6 19.Qe2 Nxf3 20.Qxf3 Bf6 21.Qe2 
Rhe8 22.Rb1 Qg6 23.Re1 Bh4 24.Nf5 Bxe1 25.Bxe1 Qxf5 26.exf5 Rxe2 27.Kxe2 
Bxb5+ 28.Kf3 Bc4 29.a3 Bxd5+ 30.Kxf4 Re8 0-1

[Event "9th WCh U20 Girls"]
[Site "Mamaia ROM"]
[Date "1991.??.??"]
[Round "?"]
[White "Deno, Mara"]
[Black "Claus, Caroline"]
[Result "0-1"]
[WhiteElo "2150"]
[BlackElo "2100"]
[EventDate "1991.08.??"]
[PlyCount "36"]

1.Nf3 Nf6 2.g3 g6 3.Bg2 Bg7 4.O-O O-O 5.d3 d5 6.Nbd2 c5 7.e4 Nc6 8.h3 e6 
9.Kh2 b6 10.Ng1 Qc7 11.Re1 a5 12.a4 Ba6 13.Ne2 Rad8 14.exd5 Nxd5 15.Rb1 
Ndb4 16.b3 Nxc2 17.Nf4 Nxe1 18.Qxe1 Nb4 0-1

[Event "9th WCh U20 Girls"]
[Site "Mamaia ROM"]
[Date "1991.??.??"]
[Round "?"]
[White "Koen, Maia"]
[Black "Domuta, Adriana"]
[Result "1-0"]
[WhiteElo "2215"]
[BlackElo "2035"]
[EventDate "1991.08.??"]
[PlyCount "51"]

1.d4 d5 2.c4 e6 3.Nc3 c6 4.e3 f5 5.g3 Nf6 6.Bg2 Bd6 7.Nf3 Nbd7 8.cxd5 exd5
9.O-O O-O 10.Ne2 Qe7 11.Ne1 Re8 12.Nd3 Nf8 13.f3 g5 14.Bd2 Ng6 15.Qc2 Qg7 
16.Rae1 h5 17.Nf2 h4 18.e4 fxe4 19.fxe4 h3 20.Bxh3 Bxh3 21.Nxh3 g4 22.e5 
Ne4 23.Ng5 Bxe5 24.Nxe4 dxe4 25.dxe5 Nxe5 26.Bc3 1-0

[Event "9th WCh U20 Girls"]
[Site "Mamaia ROM"]
[Date "1991.??.??"]
[Round "?"]
[White "Claus, Caroline"]
[Black "Limbach, Renate"]
[Result "1/2-1/2"]
[WhiteElo "2100"]
[BlackElo "2145"]
[EventDate "1991.08.??"]
[PlyCount "81"]

1.e4 e5 2.Nf3 Nc6 3.Bb5 Bb4 4.O-O Nge7 5.c3 Ba5 6.Bxc6 Nxc6 7.b4 Bb6 8.b5 
Na5 9.Nxe5 O-O 10.d4 Qe8 11.Nd2 d6 12.Nd3 f5 13.e5 Qxb5 14.Qc2 Nc4 15.Rb1 
Qd5 16.Nf4 Qf7 17.e6 Bxe6 18.d5 Bxd5 19.Nxd5 Qxd5 20.Qb3 Ne3 21.fxe3 Bxe3+
22.Kh1 Qxb3 23.Nxb3 Bb6 24.Bd2 g6 25.Rbe1 Rfe8 26.g3 Re5 27.Kg2 Rae8 28.
Kf3 Kf7 29.h4 Kf6 30.Rxe5 dxe5 31.c4 c6 32.c5 Bc7 33.Bg5+ Ke6 34.Rd1 Rf8 
35.Ke3 Rf7 36.Kf3 Rd7 37.Rxd7 Kxd7 38.Ke3 Ke6 39.Kf2 Kd5 40.Be3 Bd8 41.Ke2
1/2-1/2

[Event "9th WCh U20 Girls"]
[Site "Mamaia ROM"]
[Date "1991.??.??"]
[Round "?"]
[White "Regan, Natasha"]
[Black "Peptan, Corina-Isabela"]
[Result "0-1"]
[WhiteElo "2195"]
[BlackElo "2050"]
[EventDate "1991.08.??"]
[PlyCount "86"]

1.e4 c5 2.Nc3 e6 3.Nf3 d5 4.exd5 exd5 5.d4 c4 6.Be2 Nf6 7.O-O Be7 8.Bf4 
Nc6 9.Ne5 O-O 10.Bf3 Bf5 11.Re1 Re8 12.Nxc6 bxc6 13.Na4 Qa5 14.c3 c5 15.
Nxc5 Bxc5 16.Rxe8+ Rxe8 17.dxc5 Qxc5 18.Be3 Qb5 19.Bxa7 Qxb2 20.Bd4 Be4 
21.Bxe4 Nxe4 22.Qc1 Qe2 23.Qd1 Qb2 24.Qc1 Qxc1+ 25.Rxc1 Ra8 26.f3 Nd6 27.
Rb1 f6 28.Rb2 Kf7 29.Bc5 Nf5 30.Re2 Rc8 31.Bb6 Rc6 32.Bf2 d4 33.Bxd4 Nxd4 
34.cxd4 c3 35.Rc2 Ke6 36.Kf2 Kd5 37.Ke3 Kc4 38.d5 Rd6 39.Ke4 f5+ 40.Ke3 
Rxd5 41.Ke2 Re5+ 42.Kd1 Kd3 43.Rd2+ cxd2 0-1

[Event "9th WCh U20 Girls"]
[Site "Mamaia ROM"]
[Date "1991.??.??"]
[Round "?"]
[White "Domuta, Adriana"]
[Black "Paasikangas, Johanna"]
[Result "1/2-1/2"]
[WhiteElo "2035"]
[BlackElo "2205"]
[EventDate "1991.08.??"]
[PlyCount "69"]

1.e4 c5 2.Nc3 Nc6 3.g3 g6 4.Bg2 Bg7 5.d3 e6 6.Nge2 Nge7 7.Bg5 O-O 8.Qd2 a6
9.O-O b5 10.Bh6 Rb8 11.Bxg7 Kxg7 12.Rae1 f5 13.f4 d5 14.exd5 exd5 15.Kh1 
d4 16.Nd1 Be6 17.a3 Bf7 18.Ng1 a5 19.Nf3 Qd6 20.Re2 a4 21.Rfe1 b4 22.Ng5 
Nd5 23.Ne6+ Bxe6 24.Rxe6 Qd7 25.Qe2 Rf6 26.Kg1 bxa3 27.bxa3 Rxe6 28.Qxe6 
Qxe6 29.Rxe6 Nce7 30.Kf2 Rb1 31.Ke2 Rb6 32.Bxd5 Nxd5 33.Rxb6 Nxb6 34.Nb2 
Kf6 35.Kd2 1/2-1/2

[Event "9th WCh U20 Girls"]
[Site "Mamaia ROM"]
[Date "1991.??.??"]
[Round "?"]
[White "Orita, Ana-Maria"]
[Black "Koen, Maia"]
[Result "1/2-1/2"]
[WhiteElo "2025"]
[BlackElo "2215"]
[EventDate "1991.08.??"]
[PlyCount "45"]

1.d4 Nf6 2.Nf3 e6 3.g3 d5 4.Bg2 c5 5.c4 dxc4 6.Qa4+ Nbd7 7.O-O a6 8.Nc3 
Nd5 9.Qxc4 b5 10.Qd3 Bb7 11.Ng5 Nb4 12.Qd1 Bxg2 13.Kxg2 cxd4 14.Qxd4 h6 
15.Nxf7 Kxf7 16.Rd1 Ke8 17.Qe4 Qc8 18.a3 Qc6 19.axb4 Qxe4+ 20.Nxe4 Bxb4 
21.Bd2 Bxd2 22.Rxd2 Ke7 23.Rad1 1/2-1/2

[Event "9th WCh U20 Girls"]
[Site "Mamaia ROM"]
[Date "1991.??.??"]
[Round "?"]
[White "Koen, Maia"]
[Black "Kunte, Mrunalini"]
[Result "1-0"]
[WhiteElo "2215"]
[BlackElo "2020"]
[EventDate "1991.08.??"]
[PlyCount "65"]

1.d4 Nf6 2.c4 g6 3.Nc3 Bg7 4.e4 d6 5.Nf3 O-O 6.Be2 e5 7.d5 Nbd7 8.Nd2 a5 
9.h4 Nc5 10.h5 c6 11.g4 Ne8 12.Nf1 cxd5 13.cxd5 Bd7 14.Be3 b6 15.Qd2 f6 
16.hxg6 hxg6 17.Ng3 Nc7 18.g5 Rb8 19.O-O-O b5 20.gxf6 Qxf6 21.Rdg1 b4 22.
Nd1 Bb5 23.Bg5 Qf7 24.Kb1 Bxe2 25.Qxe2 Nb5 26.Nf5 Nd4 27.Nxd4 exd4 28.f4 
b3 29.axb3 Rxb3 30.Qh2 Rfb8 31.Qh7+ Kf8 32.Bh6 d3 33.Qh8+ 1-0

[Event "9th WCh U20 Girls"]
[Site "Mamaia ROM"]
[Date "1991.??.??"]
[Round "?"]
[White "Villegas, Sandra"]
[Black "Dzhandzhgava, Nadia"]
[Result "0-1"]
[WhiteElo "2025"]
[BlackElo "2210"]
[EventDate "1991.08.??"]
[PlyCount "34"]

1.e4 g6 2.d4 Bg7 3.c3 c5 4.Nf3 cxd4 5.Nxd4 Nc6 6.Be3 Nf6 7.Nxc6 bxc6 8.f3 
Qc7 9.Qd2 O-O 10.Na3 d5 11.exd5 Nxd5 12.Bd4 e5 13.Bf2 e4 14.fxe4 Qe7 15.
Nc4 Qxe4+ 16.Kd1 Rd8 17.Rc1 Bf5 0-1

[Event "9th WCh U20 Girls"]
[Site "Mamaia ROM"]
[Date "1991.??.??"]
[Round "?"]
[White "Domuta, Adriana"]
[Black "Regan, Natasha"]
[Result "0-1"]
[WhiteElo "2035"]
[BlackElo "2195"]
[EventDate "1991.08.??"]
[PlyCount "100"]

1.e4 Nf6 2.e5 Nd5 3.d4 d6 4.c4 Nb6 5.exd6 cxd6 6.Bd3 g6 7.Ne2 Bg7 8.Nbc3 
Nc6 9.d5 Ne5 10.O-O Bg4 11.f3 Nxd3 12.Qxd3 Bf5 13.Qd1 O-O 14.b3 Rc8 15.Be3
h5 16.Bd4 Bh6 17.Ng3 Bd7 18.f4 f5 19.Rf3 Qe8 20.Qe2 Qf7 21.Qf2 Rce8 22.
Bxb6 axb6 23.Qxb6 e5 24.Qxd6 Bxf4 25.Nce2 Bg5 26.Kh1 e4 27.Rff1 h4 28.Nxe4
Rxe4 29.Nf4 Bf6 30.Rae1 Kh7 31.Rxe4 fxe4 32.Ne6 Bxe6 33.dxe6 Qe7 34.Qd7 
Qxd7 35.exd7 Kg7 36.g3 Rd8 37.Rd1 h3 38.Kg1 e3 39.Rd3 Bg5 40.Rd5 Bh6 41.
Kf1 Kf7 42.Rd6 Bf8 43.Rd3 Bc5 44.Rd5 b6 45.a4 Ke6 46.a5 Rxd7 47.b4 Bxb4 
48.axb6 Rxd5 49.cxd5+ Kxd5 50.b7 Bd6 0-1

[Event "9th WCh U20 Girls"]
[Site "Mamaia ROM"]
[Date "1991.??.??"]
[Round "?"]
[White "Paasikangas, Johanna"]
[Black "Orita, Ana-Maria"]
[Result "1-0"]
[WhiteElo "2205"]
[BlackElo "2025"]
[EventDate "1991.08.??"]
[PlyCount "89"]

1.d4 d5 2.c4 e6 3.cxd5 exd5 4.Nc3 Nf6 5.Nf3 Be7 6.Bf4 c6 7.e3 Bf5 8.h3 Ne4
9.Bd3 Nd7 10.O-O Ndf6 11.Qc2 O-O 12.Ng5 Nxg5 13.Bxf5 Ne6 14.Bg3 g6 15.Bd3 
Nh5 16.Bh2 f5 17.g4 Nhg7 18.Be5 f4 19.e4 Bd6 20.exd5 Bxe5 21.dxe5 Nd4 22.
Qa4 Nf3+ 23.Kg2 Nxe5 24.Qe4 f3+ 25.Kh2 Qd6 26.Kh1 cxd5 27.Nxd5 Rad8 28.Bc2
Kh8 29.Bb3 Nd7 30.Rad1 Nc5 31.Qc4 Nxb3 32.Qxb3 Qe5 33.Qxb7 Rb8 34.Qxa7 
Rxb2 35.a4 Ra2 36.Ne3 Qg5 37.Nd5 Qh6 38.Kh2 Qh4 39.Qd4 Re2 40.Rb1 h5 41.
Rb7 Rg8 42.Nf4 Qd8 43.Qxd8 Rxd8 44.Nxe2 fxe2 45.Re1 1-0

[Event "9th WCh U20 Girls"]
[Site "Mamaia ROM"]
[Date "1991.??.??"]
[Round "?"]
[White "Repkova, Eva"]
[Black "Hernandez Bonilla, Amelia"]
[Result "0-1"]
[WhiteElo "2170"]
[BlackElo "2055"]
[EventDate "1991.08.??"]
[PlyCount "53"]

1.e4 c5 2.Nf3 d6 3.d4 cxd4 4.Nxd4 Nf6 5.Nc3 Nc6 6.Bc4 Qb6 7.Nb3 e6 8.Be3 
Qc7 9.f4 a6 10.O-O Be7 11.g4 b5 12.Bd3 h5 13.gxh5 Nxh5 14.Qf3 Nb4 15.Nd4 
Nxd3 16.cxd3 Bb7 17.Rf2 Qd7 18.Qd1 g6 19.Nf3 Nf6 20.Ng5 d5 21.Bd4 dxe4 22.
dxe4 Rd8 23.Rd2 Bc5 24.Nf3 Qc7 25.Bxc5 Qxc5+ 26.Kg2 Rxd2+ 27.Qxd2 0-1

[Event "9th WCh U20 Girls"]
[Site "Mamaia ROM"]
[Date "1991.??.??"]
[Round "?"]
[White "Orita, Ana-Maria"]
[Black "Regan, Natasha"]
[Result "1/2-1/2"]
[WhiteElo "2025"]
[BlackElo "2195"]
[EventDate "1991.08.??"]
[PlyCount "120"]

1.d4 Nf6 2.c4 g6 3.Nc3 Bg7 4.e4 d6 5.h3 O-O 6.Bg5 c6 7.Bd3 a6 8.Nge2 b5 9.
O-O Nbd7 10.Qd2 bxc4 11.Bxc4 d5 12.exd5 Nb6 13.Bb3 cxd5 14.Bh6 Nc4 15.Bxc4
dxc4 16.Bxg7 Kxg7 17.d5 Bf5 18.Qd4 Bd3 19.Rfd1 Qd6 20.Nc1 e5 21.Qe3 Bf5 
22.N1e2 Rab8 23.Rd2 Bd3 24.Nc1 Nxd5 25.Nxd5 Qxd5 26.Nxd3 cxd3 27.Rxd3 Qe6 
28.b3 Rfd8 29.Rad1 Rxd3 30.Qxd3 Rc8 31.a3 Rc6 32.b4 Qc8 33.Qe3 Qe6 34.Re1 
f6 35.f4 e4 36.Qxe4 Qxe4 37.Rxe4 Rc3 38.a4 Ra3 39.a5 Rb3 40.Re7+ Kh6 41.
Re6 Rxb4 42.Rxf6 Ra4 43.Rxa6 Rxf4 44.Ra8 Ra4 45.a6 Ra2 46.Kh2 Kg5 47.Ra7 
h5 48.Ra8 h4 49.Kg1 Kh6 50.Kf1 Kg5 51.a7 Ra1+ 52.Ke2 Ra2+ 53.Kf3 Ra3+ 54.
Ke4 Ra4+ 55.Kd5 Ra5+ 56.Kc6 Ra1 57.Kd7 Ra2 58.Ke7 Ra3 59.Kf7 Ra2 60.Kg7 
Ra3 1/2-1/2

[Event "9th WCh U20 Girls"]
[Site "Mamaia ROM"]
[Date "1991.??.??"]
[Round "?"]
[White "Regan, Natasha"]
[Black "Villegas, Sandra"]
[Result "1/2-1/2"]
[WhiteElo "2195"]
[BlackElo "2025"]
[EventDate "1991.08.??"]
[PlyCount "112"]

1.a3 Nf6 2.Nf3 e6 3.g3 d5 4.Bg2 c5 5.O-O Nc6 6.d3 Bd6 7.Nbd2 Bc7 8.Rb1 e5 
9.c4 h6 10.b4 e4 11.Ne1 cxb4 12.axb4 O-O 13.h3 Re8 14.dxe4 dxe4 15.Nc2 Bf5
16.Ne3 Bg6 17.Bb2 Ne5 18.Nb3 Qe7 19.Qd2 Red8 20.Qc3 Rac8 21.Rfd1 Bb8 22.
Rxd8+ Rxd8 23.Nc5 Bd6 24.Na4 Qe8 25.Qb3 Nc6 26.b5 Ne5 27.Nc3 Bh5 28.Rd1 
Bg6 29.Ncd5 Bb8 30.Qc3 Rc8 31.Qb4 Kh8 32.Ne7 Rd8 33.Rxd8 Qxd8 34.Nxg6+ 
fxg6 35.Qc5 b6 36.Qd4 Qxd4 37.Bxd4 Kg8 38.Nd5 Nxc4 39.Nxf6+ gxf6 40.Bxe4 
Kg7 41.f4 Bd6 42.Bd3 Nd2 43.Kg2 Nb3 44.Bc3 Nc5 45.Bc4 Ne4 46.Be1 Bc5 47.
Bd3 Nd6 48.Kf3 Bd4 49.g4 Kf7 50.e3 Bc5 51.Bc3 f5 52.Be5 Ke6 53.Bg7 h5 54.
gxh5 gxh5 55.Bc3 Kf7 56.Bd2 Ke6 1/2-1/2

[Event "9th WCh U20 Girls"]
[Site "Mamaia ROM"]
[Date "1991.??.??"]
[Round "?"]
[White "Repkova, Eva"]
[Black "Peptan, Corina-Isabela"]
[Result "1/2-1/2"]
[WhiteElo "2170"]
[BlackElo "2050"]
[EventDate "1991.08.??"]
[PlyCount "66"]

1.e4 c5 2.Nf3 d6 3.d4 cxd4 4.Nxd4 Nf6 5.Nc3 a6 6.Bc4 e6 7.Bb3 b5 8.O-O Be7
9.Qf3 Qc7 10.Re1 O-O 11.Qg3 Kh8 12.f3 Qb7 13.Be3 Nbd7 14.Rad1 Nc5 15.a3 
Bd7 16.Ba2 a5 17.Nb1 b4 18.Nd2 bxa3 19.bxa3 Qb2 20.Ra1 Qb7 21.Nc4 Qc7 22.
Bd2 a4 23.Rab1 Rfb8 24.Ba5 Rxa5 25.Rxb8+ Qxb8 26.Nxa5 Qb2 27.Nac6 Bxc6 28.
Nxc6 Qb6 29.Nd4 Qb4 30.Nc6 Qb6 31.Nd4 Qb2 32.Nc6 Qb6 33.Nd4 Qb2 1/2-1/2

[Event "9th WCh U20 Girls"]
[Site "Mamaia ROM"]
[Date "1991.??.??"]
[Round "?"]
[White "Kunte, Mrunalini"]
[Black "Regan, Natasha"]
[Result "1-0"]
[WhiteElo "2020"]
[BlackElo "2195"]
[EventDate "1991.08.??"]
[PlyCount "73"]

1.d4 Nf6 2.c4 g6 3.Nc3 Bg7 4.e4 d6 5.f3 O-O 6.Be3 e5 7.d5 Nh5 8.Qd2 Qh4+ 
9.g3 Nxg3 10.Qf2 Nxf1 11.Qxh4 Nxe3 12.Ke2 Nxc4 13.b3 Nb6 14.Nh3 Na6 15.
Rhg1 Bd7 16.Nf2 Rae8 17.Ng4 Bxg4 18.fxg4 h6 19.Rgf1 c6 20.Rad1 Rd8 21.Rd2 
cxd5 22.Nxd5 Nxd5 23.Rxd5 Nc7 24.Rd2 Ne6 25.Qe7 Nd4+ 26.Ke3 f5 27.gxf5 Bf6
28.Qxb7 Bg5+ 29.Kd3 gxf5 30.exf5 Bxd2 31.Kxd2 Rf7 32.Qd5 Kf8 33.f6 a6 34.
Rg1 Nf5 35.Rg6 Re8 36.Qg2 Ne7 37.Rxh6 1-0

[Event "9th WCh U20 Girls"]
[Site "Mamaia ROM"]
[Date "1991.??.??"]
[Round "?"]
[White "Gjergji, Rozana"]
[Black "Limbach, Renate"]
[Result "1-0"]
[WhiteElo "2065"]
[BlackElo "2145"]
[EventDate "1991.08.??"]
[PlyCount "117"]

1.e4 e5 2.Nf3 Nc6 3.Bb5 Bb4 4.c3 Ba5 5.Na3 Bb6 6.Nc4 Nf6 7.Qe2 O-O 8.Bxc6 
bxc6 9.Ncxe5 d6 10.Nxc6 Qd7 11.Ncd4 Nxe4 12.d3 Ba6 13.O-O f5 14.Qc2 Nf6 
15.Re1 f4 16.Bxf4 Ng4 17.Bg3 c5 18.Ne6 Rf6 19.Nf4 Bb7 20.Qb3+ d5 21.d4 c4 
22.Qc2 Bc7 23.Ne5 Nxe5 24.dxe5 Rff8 25.Rad1 Rae8 26.e6 Qb5 27.Ng6 hxg6 28.
Bxc7 Qc6 29.e7 Rf6 30.Bd8 d4 31.f3 Rxf3 32.cxd4 Rf5 33.Qe2 Kh7 34.Rf1 Rg5 
35.Rd2 Qd5 36.Rf8 Bc6 37.Qf2 Rh5 38.Rxe8 Bxe8 39.Qf3 Qe6 40.Re2 Qd7 41.Qe3
Qd6 42.h3 Rd5 43.Rd2 Bc6 44.g4 Be8 45.Qf2 Qf6 46.Qxf6 gxf6 47.Kf2 Kg7 48.
Ke3 Kf7 49.Rc2 Bb5 50.b3 cxb3 51.axb3 Be8 52.b4 Rb5 53.Rc4 Ke6 54.Kd3 Kd6 
55.Kc3 Rb7 56.Rc5 Kd7 57.d5 Bf7 58.Kc4 Be8 59.Rc6 1-0

[Event "9th WCh U20 Girls"]
[Site "Mamaia ROM"]
[Date "1991.??.??"]
[Round "?"]
[White "Peptan, Corina-Isabela"]
[Black "Deno, Mara"]
[Result "0-1"]
[WhiteElo "2050"]
[BlackElo "2150"]
[EventDate "1991.08.??"]
[PlyCount "50"]

1.e4 c5 2.c3 d5 3.exd5 Qxd5 4.d4 Nf6 5.Nf3 Nc6 6.Be2 Bg4 7.O-O e6 8.Na3 
Rd8 9.Be3 cxd4 10.Nb5 Qd7 11.Nfxd4 Bxe2 12.Qxe2 a6 13.Nxc6 Qxc6 14.Nd4 Qc7
15.Bg5 Be7 16.Rfe1 O-O 17.Rad1 Qa5 18.Bh4 Qxa2 19.Nf5 exf5 20.Qxe7 Rxd1 
21.Rxd1 Qa4 22.b3 Qxb3 23.Qd6 g5 24.Bg3 f4 25.Rc1 Qe6 0-1

[Event "9th WCh U20 Girls"]
[Site "Mamaia ROM"]
[Date "1991.??.??"]
[Round "?"]
[White "Fruteau, Sabine"]
[Black "Lewandowska, Katarzyna"]
[Result "0-1"]
[WhiteElo "2050"]
[BlackElo "2145"]
[EventDate "1991.08.??"]
[PlyCount "88"]

1.e4 d5 2.exd5 Nf6 3.d4 Nxd5 4.Nf3 g6 5.Be2 Bg7 6.O-O O-O 7.c4 Nb6 8.Nc3 
Be6 9.d5 Bg4 10.Ng5 Bxe2 11.Qxe2 c5 12.Re1 Nc8 13.Bf4 a6 14.Rad1 b6 15.Qf3
Nd6 16.Nce4 h6 17.Nxd6 hxg5 18.Nb7 Qd7 19.d6 e5 20.Nxc5 Qc6 21.Bxe5 Qxf3 
22.gxf3 bxc5 23.d7 Nc6 24.Bd6 Bd4 25.b4 cxb4 26.Bxf8 Kxf8 27.Re4 Bc5 28.h4
Be7 29.hxg5 Rd8 30.Rd5 a5 31.Kf1 a4 32.Ke1 b3 33.axb3 a3 34.Re2 Nb4 35.Rd1
a2 36.f4 Rxd7 37.Ra1 Ra7 38.Kd1 Ra3 39.Re3 Bc5 40.Rc3 Bd4 41.Kd2 Ke7 42.c5
Kd7 43.c6+ Kc7 44.f3 Bg7 0-1

[Event "9th WCh U20 Girls"]
[Site "Mamaia ROM"]
[Date "1991.??.??"]
[Round "?"]
[White "Johansson, Viktoria"]
[Black "Gjergji, Rozana"]
[Result "1-0"]
[WhiteElo "2130"]
[BlackElo "2065"]
[EventDate "1991.08.??"]
[PlyCount "75"]

1.d4 Nf6 2.c4 e6 3.Nc3 Bb4 4.e3 c5 5.Bd3 Nc6 6.Ne2 b6 7.O-O Bxc3 8.bxc3 
Qc7 9.e4 d6 10.Bg5 Na5 11.Ng3 Ba6 12.Rc1 Rc8 13.Bxf6 gxf6 14.Nh5 Qe7 15.
Qf3 Bxc4 16.Nxf6+ Kd8 17.e5 d5 18.Bxc4 Nxc4 19.Rfd1 Kc7 20.Qf4 Kb7 21.Rd3 
cxd4 22.cxd4 Qb4 23.Rf1 Rc7 24.h4 Qb2 25.h5 Qxa2 26.Qh6 Qc2 27.Rdd1 Rcc8 
28.Qg7 Rcf8 29.Rc1 Qf5 30.Rc3 h6 31.f4 Ne3 32.Rxe3 Qc2 33.Qg3 Rc8 34.Rd3 
Qb2 35.f5 Rc2 36.fxe6 fxe6 37.Qg7+ Ka6 38.Rdd1 1-0

[Event "9th WCh U20 Girls"]
[Site "Mamaia ROM"]
[Date "1991.??.??"]
[Round "?"]
[White "Orita, Ana-Maria"]
[Black "Repkova, Eva"]
[Result "1-0"]
[WhiteElo "2025"]
[BlackElo "2170"]
[EventDate "1991.08.??"]
[PlyCount "111"]

1.d4 Nf6 2.c4 g6 3.Nc3 Bg7 4.e4 d6 5.h3 O-O 6.Bg5 Nbd7 7.Bd3 c5 8.d5 a6 9.
a4 h6 10.Be3 Re8 11.Qd2 Kh7 12.g4 Ng8 13.f4 e6 14.Nf3 exd5 15.cxd5 Rb8 16.
h4 Ngf6 17.g5 Ng4 18.gxh6 Bxh6 19.h5 Ndf6 20.hxg6+ fxg6 21.Ng5+ Kg7 22.
O-O-O Nxe3 23.Qxe3 Ng4 24.Qd2 Rf8 25.Rxh6 Nxh6 26.Ne6+ Bxe6 27.dxe6 Qe8 
28.Rg1 Ng8 29.f5 Ne7 30.Nd5 Nxd5 31.exd5 c4 32.Rxg6+ Qxg6 33.fxg6 cxd3 34.
Qxd3 Rbc8+ 35.Kb1 Rf6 36.Qg3 Rd8 37.Qg5 Re8 38.Qg3 Rd8 39.Qc3 Kxg6 40.Qc7 
Rff8 41.Qxb7 Rc8 42.Qxa6 Kf6 43.a5 Ke5 44.Qd3 Ra8 45.b4 Rab8 46.Qd2 Rfc8 
47.Ka2 Rc4 48.Ka3 Rd4 49.Qe2+ Kxd5 50.e7 Re4 51.Qd3+ Rd4 52.Qb3+ Rc4 53.a6
Kd4 54.Qd1+ Kc3 55.Qxd6 Rcc8 56.b5 1-0

[Event "9th WCh U20 Girls"]
[Site "Mamaia ROM"]
[Date "1991.??.??"]
[Round "?"]
[White "Kunte, Mrunalini"]
[Black "Repkova, Eva"]
[Result "0-1"]
[WhiteElo "2020"]
[BlackElo "2170"]
[EventDate "1991.08.??"]
[PlyCount "70"]

1.d4 Nf6 2.c4 g6 3.Nc3 Bg7 4.e4 d6 5.f3 O-O 6.Bg5 c5 7.d5 e6 8.Qd2 exd5 9.
cxd5 Qb6 10.Nge2 Nbd7 11.Ng3 Re8 12.Be2 h5 13.O-O Nh7 14.Be3 Qd8 15.Nh1 
Ndf6 16.Nf2 a6 17.a4 b6 18.h3 Ra7 19.f4 Rae7 20.Bf3 Bb7 21.Rad1 b5 22.axb5
axb5 23.e5 dxe5 24.Bxc5 Rd7 25.fxe5 Rxe5 26.Nd3 Rf5 27.Nb4 Ng5 28.Qe2 Qc7 
29.Bd4 Qg3 30.Bg4 hxg4 31.Rxf5 gxf5 32.Be5 Nf3+ 33.Qxf3 Qxe5 34.hxg4 fxg4 
35.Qd3 Bh6 0-1

[Event "9th WCh U20 Girls"]
[Site "Mamaia ROM"]
[Date "1991.??.??"]
[Round "?"]
[White "Domuta, Adriana"]
[Black "Deno, Mara"]
[Result "0-1"]
[WhiteElo "2035"]
[BlackElo "2150"]
[EventDate "1991.08.??"]
[PlyCount "110"]

1.e4 c5 2.Nc3 Nc6 3.g3 g6 4.Bg2 Bg7 5.d3 d6 6.Nge2 e6 7.O-O Nge7 8.Bg5 O-O
9.Qd2 Rb8 10.Bh6 e5 11.Bxg7 Kxg7 12.f4 f6 13.h3 Nd4 14.g4 Qa5 15.Ng3 Nec6 
16.f5 Bd7 17.g5 Qd8 18.Nd5 fxg5 19.f6+ Kh8 20.Qxg5 Nxc2 21.Nf5 Bxf5 22.
exf5 Rg8 23.Ne7 gxf5 24.Nxg8 Qxg8 25.Qxg8+ Rxg8 26.Rac1 Ne3 27.Rf2 Nd4 28.
Kh1 Rxg2 29.Rxg2 Nxg2 30.Kxg2 Kg8 31.Kf2 Kf7 32.Rg1 Ne6 33.Ke3 b6 34.h4 a6
35.Rg2 b5 36.Kf3 d5 37.Rd2 Nf4 38.b4 Ne6 39.bxc5 Nxc5 40.Ke3 d4+ 41.Ke2 
Na4 42.Rc2 Nc3+ 43.Kd2 Kxf6 44.Rc1 h6 45.Rg1 Nxa2 46.Ra1 Nb4 47.Rb1 a5 48.
Ra1 a4 49.Rd1 Nd5 50.Rg1 b4 51.Rg8 b3 52.Rb8 f4 53.Rb5 Nc3 54.Rb8 Kf5 55.
Rb6 h5 0-1

[Event "9th WCh U20 Girls"]
[Site "Mamaia ROM"]
[Date "1991.??.??"]
[Round "?"]
[White "Domuta, Adriana"]
[Black "Lewandowska, Katarzyna"]
[Result "1-0"]
[WhiteElo "2035"]
[BlackElo "2145"]
[EventDate "1991.08.??"]
[PlyCount "55"]

1.e4 c5 2.Nc3 Nc6 3.g3 g6 4.Bg2 Bg7 5.d3 e6 6.Nge2 Nge7 7.Bg5 d6 8.Qd2 Nd4
9.O-O h6 10.Be3 Qa5 11.Nc1 Nec6 12.Nb3 Qb4 13.f4 Bd7 14.Rae1 O-O-O 15.Qf2 
f5 16.e5 Bf8 17.a3 Qb6 18.Bxc6 Qxc6 19.Nxd4 cxd4 20.Bxd4 d5 21.Bxa7 g5 22.
Bb6 Re8 23.a4 Kb8 24.Nb5 Ka8 25.Na7 Qxa4 26.Ra1 Qa6 27.Rxa6 bxa6 28.Bc7 
1-0

[Event "9th WCh U20 Girls"]
[Site "Mamaia ROM"]
[Date "1991.??.??"]
[Round "?"]
[White "Hernandez Bonilla, Amelia"]
[Black "Berntsen, Sheila Barth"]
[Result "0-1"]
[WhiteElo "2055"]
[BlackElo "2125"]
[EventDate "1991.08.??"]
[PlyCount "80"]

1.d4 Nf6 2.Nf3 g6 3.e3 Bg7 4.c4 O-O 5.Nc3 c5 6.Be2 cxd4 7.exd4 d5 8.O-O 
Nc6 9.Ne5 Nxe5 10.dxe5 Ne4 11.Nxd5 Bxe5 12.Qc2 Nf6 13.Bh6 Re8 14.Rad1 Nxd5
15.Rxd5 Qc7 16.f4 Bf6 17.b3 Be6 18.Rd2 Rac8 19.Qe4 Qa5 20.Qe3 Bc3 21.Rdd1 
Bb4 22.Kh1 Qc5 23.Qf3 b6 24.Bd3 Rcd8 25.Bg5 Qa5 26.Bb1 f6 27.Bh4 Bf5 28.
Bxf5 Qxf5 29.Qe2 Kf7 30.Bg3 a5 31.h3 Rd6 32.Rxd6 Bxd6 33.Qe3 Bc5 34.Qd2 
Bb4 35.Qe3 Rd8 36.Qxb6 Rd2 37.Be1 Rd1 38.Qf2 Qb1 39.Qf3 Rxe1 40.Rxe1 Qxe1+
0-1

[Event "9th WCh U20 Girls"]
[Site "Mamaia ROM"]
[Date "1991.??.??"]
[Round "?"]
[White "Limbach, Renate"]
[Black "Domuta, Adriana"]
[Result "1-0"]
[WhiteElo "2145"]
[BlackElo "2035"]
[EventDate "1991.08.??"]
[PlyCount "79"]

1.e4 c5 2.c3 e5 3.d4 exd4 4.cxd4 cxd4 5.Nf3 Nc6 6.Nxd4 Nf6 7.Nxc6 dxc6 8.
Qc2 Be6 9.Be2 Bb4+ 10.Bd2 Qd4 11.Bxb4 Qxb4+ 12.Nc3 O-O 13.O-O Rad8 14.Rad1
Qa5 15.a3 Rd7 16.Na4 Rfd8 17.b4 Qe5 18.Nc5 Rxd1 19.Rxd1 Rxd1+ 20.Qxd1 Qc7 
21.f3 Nd7 22.Nxe6 fxe6 23.Qd4 Qb6 24.Qxb6 Nxb6 25.Kf2 Kf7 26.f4 e5 27.g3 
Kf6 28.Ke3 Nd7 29.Bg4 Nb6 30.Kd3 h6 31.Kc3 g5 32.fxg5+ Kxg5 33.Bf5 Kf6 34.
Kb3 Ke7 35.a4 Nd7 36.Bxd7 Kxd7 37.Kc4 Kd6 38.g4 a6 39.a5 Kc7 40.Kc5 1-0